| 000 | 00851nam a2200277Ia 4500 | ||
|---|---|---|---|
| 005 | 20211108101124.0 | ||
| 008 | 130821s1986 sp gr spa | ||
| 020 | _a8472223973 | ||
| 040 |
_aCO-BoUCM _bspa _cJose A. Gerena (modificó) _d[Nuevo] |
||
| 041 | _aspa | ||
| 100 | 1 |
_aRitter, Joachim _967556 |
|
| 245 | 1 | 0 |
_aSubjetividad _cJoachim Ritter _bseis ensayos |
| 260 |
_aBarcelona (España) _bAlfa _c1986 |
||
| 300 | _a161 páginas | ||
| 490 | 0 | _aEstudios Alemanes | |
| 650 | 0 | 7 |
_aExistencialismo _915411 |
| 650 | 0 | 7 |
_aFilosofía alemana _97622 |
| 650 | 0 | 7 |
_aFilosofía moderna _915835 |
| 650 | 0 | 7 |
_aFilosofía _975 |
| 650 | 0 | 7 |
_aSubjetividad _924894 |
| 650 | 0 | 7 |
_aTeoría del conocimiento _9403 |
| 690 |
_aFilosofía _975 |
||
| 765 | 1 | _tSubjektivitöt | |
| 942 |
_cLIBRO _a2 _e1 _mR614s _2DEWEY _h141 |
||
| 999 |
_c12066 _d12066 |
||